000 00626nam a2200229Ia 4500
003 OSt
005 20221006165942.0
006 a|||||r|||| 00| 0
007 ta
008 221006b |||||||| |||| 00| 0 eng d
024 _a2,724
037 _cTextual
040 _aFML
_cFML
_beng
041 _2eng
_aeng
082 _aV21 ' M, K5
100 _aSastri K A Nilakantha Au.
_9679849
245 0 _aSources of Indian History With .......
260 _aDelhi
_bAsia Publications
_c1965
300 _a113
_ccm.
942 _hV21 ' M, K5
_cTEXL
_2CC
999 _c1122553
_d1122553